Instituto de diseño ambiental en la UAG /

Guardado en:
Detalles Bibliográficos
Autor principal: Ordoño Reynoso, José Venancio (autor)
Formato: Libro
Idioma:Español
Temas:
Etiquetas: Agrega una etiqueta
Sin etiquetas, Sé el primero en etiquetar este registro!

MARC

LEADER 00000nam^a2200000^a^4500
001 000125405
005 20250521000000.0
009 20260310094650.311
037 |a Acervo ITESO - Biblioteca 
041 |a ESP 
082 |a 720. 47  |b ORD 
100 |a Ordoño Reynoso, José Venancio  |e (autor) 
245 1 0 |a Instituto de diseño ambiental en la UAG /  |c J.V. Ordoño Reynoso. 
264 |a Guadalajara, México :  |b edición de autor,  |c 1974 
300 |a 1 v. (varias paginaciones) 
336 |a texto  |b txt  |2 rdacontenido 
337 |a sin mediación  |b n  |2 rdamedio 
338 |a volumen  |b nc  |2 rdasoporte 
649 |a XX 
650 |a Proyecto Arquitectónico 
650 |a Ecodiseño 
650 |a Diseño Arquitectónico 
650 |a Arquitectura y Sociedad 
650 |a Arquitectura -  |x Estudio y Enseñanza 
910 |a Fondo Salvador Reynoso Reynoso 
920 |a Impresos - Libros 
930 |a Fondos Especiales 
905 |a 112 
901 |a 0800008214  |b IT2  |c ESP  |u 20250521 
902 |a https://opac.biblio.iteso.mx/vufind/Record/000125405